00571nam a2200169Ia 450000500170000000800410001708200130005810000230007124500300009425000080012426000380013230000130017050000990018394200060028295200980028899900150038620250311070142.0240331s9999 xx 000 0 und d a894bTHR aBalasubramaniam, P 0aThiru Vi.Ka.panmuga aaivu a2nd aChennaibTamil puthakalayamc1992 a220 p ., aCollected papers of Thru. Vi. Ka centenary seminar held in the Dept. of. MIL, Delhi University cL 001040708LaWERCLbWERCLcSSCd2024-03-31l0o 894.811BALp1668r2024-03-31w2024-03-31yL c4164d4164